La Casa Por El Tejado - Fito & Fitipaldis - Estadísticas

Estadísticas generales
  • Esta prueba ha sido intentada 316 veces
  • La puntuación promedio es 263 de 309
Estadísticas de respuestas
% Correcto
a
99%
A
99%
en
99%
que
99%
Que
99%
te
99%
casa
98%
Pre | pre El
98%
el
98%
la
98%
lo
98%
por
98%
Y
98%
y
98%
es
97%
tejado
97%
to'
97%
enseñó
96%
me
96%
mi
96%
Mi
96%
96%
poco
96%
sé,
96%
se
96%
96%
96%
Si
96%
si
96%
todo
96%
Todo
96%
un
96%
una
96%
bruja
95%
está
95%
granuja
95%
no
95%
(No
95%
con
94%
fui
94%
lado
94%
lado)
94%
Las
94%
las
94%
Los
94%
94%
tu
94%
cuando
93%
estás
93%
estás)
93%
canto
92%
colegio
92%
como
92%
Como
92%
dormir
92%
dormir,
92%
mal
92%
manos
92%
nunca
92%
aprendo
91%
cielo
91%
empezar
91%
idiota
91%
llorar
91%
Menos
91%
poder
91%
reír
91%
al
90%
Estr coger
90%
alma
89%
de
89%
maestro,
89%
perder
89%
rota
89%
miedo
88%
quedar
88%
esos
87%
coser
86%
libros,
86%
ya
85%
Ya
85%
o
84%
81%
yo
81%
Yo
81%
cosas
78%
soy
78%
Ahora
77%
abajo
76%
empiezo
76%
entender
76%
revés
76%
demás
75%
cabeza
74%
mundo
74%
Parece
74%
tiempo
74%
tiempo,
74%
aquí
73%
están
73%
son
73%
mis
72%
piel
72%
detrás
71%
importantes
71%
digo
70%
donde
70%
dónde
70%
diferente
69%
Raro,
69%
raro
69%
aprendí
68%
empieza
68%
mejor
68%
pies
68%
aprender
67%
hay
67%
acaban
66%
ceniza
66%
convirtió
65%
Después
65%
mucho
63%
dentro
62%
va
62%
estoy
61%
verso Ruinas
61%
ruinas?
61%
cigarro
56%
ves
56%
quemando
52%
para
44%
días
42%
cara
41%
sonrisa
40%
cuerpo
39%
ir
39%
jardín
39%
refleja
39%
tormenta
39%
lluvia
38%
delicias
37%
amigos
36%
solo
36%
Bajo
35%
esa
35%
infeliz
34%
pobre
34%
falta
32%
sur
32%
estúpida
31%
Seré
31%
aunque
30%
falda
29%
Cuentan
27%
maravillas
27%
buena
26%
tinta
23%
¿no
17%
colgados
16%
No se encontraron pruebas coincidentes
Distribución de puntuación
Porcentaje de gente con cada puntuación
Porcentaje por número respondido
Historial de tus puntuaciones
No has intentado esta prueba.